000 00622nam a2200205Ia 4500
003 GCL
008 140319s9999 xx 000 0 ara d
040 _aGCL /
_cGCL
082 0 4 _a813.009
_bح ر
100 1 _aحسام الخطيب
245 1 0 _aالرواية السورية فى مرحلة (1967-1959) /
_cحسام الخطيب
260 _a[S.N] :
_bمعهد البحوث والدراسات العربية ،
_c1975
300 _a166 ص
490 _a
650 0 4 _aالادب العربى
650 0 4 _aسوريا
650 0 4 _aالقصة العربية
650 0 4 _aتاريخ ونقد
942 _2ddc
_cBK
999 _c28285
_d28285